Madre Teresa (Record no. 16017)
[ view plain ]
| 000 -Etiqueta do registo | |
|---|---|
| Valores | 00417nam a2200157 4500 |
| 010 ## - Número ISBN | |
| ISBN | 972883506X |
| 100 ## - Dados gerais de processamento | |
| Dados gerais | 20060424d2004 km y0pory5003 ba |
| 200 1# - Titulo e menção de responsabilidade | |
| Título próprio | Madre Teresa |
| Informação de outro título | amor sem limites |
| Primeira menção de responsabilidade | Morihiro Oki |
| 210 ## - Publicação | |
| Local de publicação | [S.l.] |
| Nome do editor | Lucerna, |
| Data de publicação | 2004 |
| 215 ## - Descrição física | |
| Paginação / Volumes | 128 p. |
| Outras indicações físicas | il. |
| Dimensões | 27 cm |
| 675 ## - CDU | |
| Notação | 929 Teresa de Calcutà |
| Edição | 2med |
| Língua | fre |
| 700 #1 - Autor principal (pessoa individual) | |
| Apelido | Oki, |
| Nome | Morihiro |
| 801 #0 - Fonte de origem | |
| País | PT |
| Agência | UCJPII |
| Regras de catalogação | RPC |
| 990 ## - Elementos KOHA | |
| Tipo de documento | Livro |
| Situação do levantamento | Estado | Número | Biblioteca de origem | Código de barras | Cota | Permissão de empréstimo | Tipo de documento | Forma de aquisição |
|---|---|---|---|---|---|---|---|---|
| BMA | Biblioteca Municipal do Alandroal | 18096/24 | 929 TERESA DE CALCUTÁ, Santa | Livro | Compra |